Modern house 2.
Enregistré dans:
| Auteur principal: | |
|---|---|
| Format: | Livre |
| Publié: |
London, United Kingdom:
Phaidon,
2000.
|
| Édition: | First published. |
| Sujets: | |
| Tags: |
Ajouter un tag
Pas de tags, Soyez le premier à ajouter un tag!
|
MARC
| LEADER | 00000nam a22000007a 4500 | ||
|---|---|---|---|
| 003 | CL-VaPUC | ||
| 005 | 20240805121243.0 | ||
| 008 | 220630b2000 ||||| |||| 00| 0 eng d | ||
| 999 | |c 436533 |d 436531 | ||
| 020 | |a 0714843814 | ||
| 040 | |c Pontificia Universidad Católica de Valparaíso | ||
| 082 | 0 | 4 | |2 22 |a 728.37 MEL 2000 |
| 100 | 1 | |a Melhuish, Clare |e author |9 871829 | |
| 245 | 1 | 0 | |a Modern house 2. |
| 250 | |a First published. | ||
| 260 | |a London, United Kingdom: |b Phaidon, |c 2000. | ||
| 300 | |a 239 páginas; ilustraciones. | ||
| 500 | |a c.1 Donación Arquitecto Santiago Flores. Memo ARQ 09/2022. 03/06/2022. | ||
| 583 | |c 20220630 |k Catalogador Asistente | ||
| 650 | 1 | 0 | |a Arquitectura moderna |9 265021 |
| 650 | 1 | |a Arquitectura doméstica |x Diseño de viviendas |9 874148 | |
| 942 | |2 ddc |c BK | ||
| 952 | |0 0 |1 0 |2 ddc |4 0 |6 728_370000000000000_MEL_2000 |7 0 |8 A |9 584210 |a BIBARQ |b BIBARQ |c GEN |d 2022-06-30 |e Donación |i 5652370 |l 2 |o 728.37 MEL 2000 |p 5652370 |r 2025-01-20 |s 2023-04-10 |t 1 |w 2022-06-30 |y BK |k ARQ | ||